| 000 | 00361nam a2200157Ia 4500 | ||
|---|---|---|---|
| 999 |
_c84721 _d84721 |
||
| 003 | 0100 | ||
| 005 | 20171124102652.0 | ||
| 008 | 130307s9999 xx 000 0 und d | ||
| 040 | _cARRUPELIB | ||
| 050 | _aDK254.L4S6961939 | ||
| 100 |
_aStalin, Joseph _937731 |
||
| 245 | _aFoundations of Leninism | ||
| 260 | _aNY | ||
| 260 | _bInternational Publishers, inc | ||
| 260 | _c1939 | ||
| 300 | _a127p | ||
| 942 |
_2lcc _cMONOGRAPH |
||